School - Education - Teacher's education proceedings from the international conference Possibilities of grasping the reading literacy of younger school age school children III. The Reading Literacy of Younger School Age Children
| Other Authors: | , , |
|---|---|
| Format: | Book |
| Language: | Slovak Czech Polish |
| PhysicalDescription: | 281 tab. 21 cm |
| Published: |
Banská Bystrica
Pedagogická fakulta UMB
2006
|
| ISBN: | 808083234X (brož.) |
| Edition: | 1. vyd. |
| Series: | Etruditio mores futurum
|
| Subjects: |
MARC
| LEADER | 00000nam a2200000 a 4500 | ||
|---|---|---|---|
| 001 | vtls008945141 | ||
| 003 | SK-MaSNL | ||
| 005 | 20260301183055.0 | ||
| 008 | 251104s2006 xo l f 100 0 slo | ||
| 015 | |a SNBA2007/05-02079 | ||
| 020 | |a 808083234X (brož.) | ||
| 035 | |a 3173C4F8-CEE5-4A4F-86FB-9F0EAB41D6C7 | ||
| 035 | |a urn:nbn:sk:snk-amk79j | ||
| 035 | |a urn:nbn:sk:snk-am008dxe | ||
| 040 | |a SNK |b slo |c SNK |e AACR2 | ||
| 041 | 0 | |a slo |a cze |a pol |b eng | |
| 044 | |a xo |c SK | ||
| 072 | 7 | |a 37 |x Výchova a vzdelávanie |2 konspekt | |
| 080 | |a 028.1 |2 2001 | ||
| 080 | |a 316.346.32-053.5 |2 2001 | ||
| 080 | |a 377.8 |2 2001 | ||
| 080 | |a (062.534) |2 2001 | ||
| 080 | |a 37.0 |2 2001 | ||
| 080 | |a 371 |2 2001 | ||
| 245 | 0 | 0 | |a School - Education - Teacher's education |n III. |p The Reading Literacy of Younger School Age Children |b proceedings from the international conference Possibilities of grasping the reading literacy of younger school age school children |c Bronislava Kasáčová, Eva Ďurošová, Mariana Cabanová (eds.) |
| 246 | 1 | 1 | |a Škola - edukácia - príprava učiteľa |
| 250 | |a 1. vyd. | ||
| 260 | |a Banská Bystrica |b Pedagogická fakulta UMB |c 2006 | ||
| 300 | |a 281 |b tab. |c 21 cm | ||
| 366 | |e 100 výtl. | ||
| 490 | 1 | |a Eruditio mores futurum | |
| 500 | |a Zozn. aut. | ||
| 504 | |a Bibliogr. odkazy | ||
| 546 | |a Čiast. text čes., poľ. Res. angl. | ||
| 650 | 0 | 7 | |a škola |2 SNKPH |9 29975 |
| 650 | 0 | 7 | |a výchova a vzdelávanie |2 SNKPH |9 1684 |
| 650 | 0 | 7 | |a čitateľská gramotnosť |2 SNKPH |9 69767 |
| 650 | 0 | 7 | |a deti školského veku |2 SNKPH |9 1227 |
| 650 | 0 | 7 | |a vzdelávanie učiteľov |2 SNKPH |9 4031 |
| 655 | 7 | |a zborníky konferencií |2 SNKPH |9 70153 | |
| 700 | 1 | |a Kasáčová, Bronislava, |d 1959- |4 edt |9 193260 | |
| 700 | 1 | |a Ďurošová, Eva |4 edt |9 71869 | |
| 700 | 1 | |a Cabanová, Mariana, |d 1979- |4 edt |9 199049 | |
| 810 | 2 | |a Univerzita Mateja bela v Banskej Bystrici. |b Pedagogická fakulta. |b Katedra elementárnej a predškolskej pedagogiky |t Eruditio mores futurum |9 317555 | |
| 830 | 0 | |a Etruditio mores futurum |9 557838 | |
| 919 | |a 80-8083-234-X | ||
| 958 | |a NB | ||
| 958 | |a OND | ||
| 968 | |d 37 | ||
| 999 | |c 855774 |d 857704 | ||
| 952 | |a SNK |b SNK |y PREZ |7 0 |p 17A0539992 |o snkSC 112998/3 |i snk2007/4128 |8 0 |0 0 |1 0 |4 0 |d 2007-02-13 |f 1 |l 0 |r 2025-10-02 00:00:00 |w 2026-02-24 | ||
| 952 | |a SNK |b SNK |y VYP |7 0 |p 17A0539991 |o snkSC 112998/3 D1 |i snk2007/4129 |8 0 |0 0 |1 0 |4 0 |d 2007-02-13 |l 0 |r 2026-02-24 04:55:48 |w 2026-02-24 | ||


